Statistieken voor Provincie Waals-Brabant - Trivia

Klik hier om de quiz te nemen!

Algemene statistieken

  • Deze quiz is 171 keer genomen
  • De gemiddelde score is 10 van 15

Antwoordstatistieken

OmschrijvingAntwoord% Correct
Aangrenzende provinciesLuik
97%
Hier werd Napoleon verslagen in 1815Waterloo
96%
Aangrenzende provinciesNamen
94%
Aangrenzende provinciesVlaams-Brabant
93%
Aangrenzende provinciesHenegouwen
92%
Een standbeeld van dit dier herdenkt deze slagLeeuw
79%
Hoofdstad (tweede stad)Waver
78%
Pretpark nabij de hoofdstadWalibi
76%
Deze bekende bende was in Waals-Brabant gevestigdBende van {Nijvel}
75%
Belangrijkste snelwegE411 / E19
54%
Derde stadOttignies-Louvain-La-Neuve
53%
Hier ligt het hoofdkwartier van de Rode DuivelsTubeke
47%
Belangrijkste rivierDijle
37%
Grootste stadEigenbrakel
32%
Hoogste puntPerwez
19%

Scoreverdeling

Percentiel versus Aantal Correcte Antwoorden

Procent van Mensen met Elke Score

Uw Scoregeschiedenis

U heeft deze quiz nog niet genomen